00433nam a22001457a 4500003000900000005001700009008003200026020001800058040002200076082001700098100002600115245005700141260006200198300002700260DO-SdBNP20180221101227.0151209b 2003 pn a 00| 0 spa d a9789962629153 aBPMSUbspacBPMSU 4axxxxxbxxxxx1 aAlvarado, Patricia V.1 aGuillermo gusano se enamora /cPatricia V. Alvarado aPanamá :bPiggy press,c2003.g(1a reimpresión 2007). a32 p. :bil. ;c14 cm.